Biblioteca

Vision Colombia 2019 propuesta para discusión: once metas y sus probables implicaciones en la Educación Superior (Registro nro. 62565)

Detalles MARC
000 -LÍDER
Campo fijo de descripción fija 007910000a22001330004500
100 1# - ASIENTO PRINCIPAL--NOMBRE PERSONAL
Nombre personal Arias Osorio, Eduardo
245 10 - TÍTULO
Título del Material Vision Colombia 2019 propuesta para discusión: once metas y sus probables implicaciones en la Educación Superior
300 ## - DESCRIPCIÓN FÍSICA
Extensión Vol.0, núm.2 ( , 2005), Páginas 12-16
500 ## - NOTA GENERAL
Nota General Vision Colombia 2019
650 14 - ASIENTO SECUNDARIO DE MATERIA - TERMINO TEMÁTICO
Término temático o nombre geográfico como elemento de entrada EDUCACIÓN SUPERIOR-COLOMBIA
773 0# - HOST ITEM ENTRY
Title Perfiles: revista de la comunidad académica UDES
942 ## - TIPO DE MATERIAL (KOHA)
Tipo de Item KOHA Artículos de Revista
Existencias
Estado de Material Estado de Perdido Estado de Dañado No para Préstamo Colección Biblioteca de Origen Biblioteca Permanente Fecha de Adquisición Total de Préstamos Signatura Topográfica Última vez visto Fecha de Remplazo Tipo de Material
        Colección de Hemeroteca Biblioteca FUSBC Biblioteca FUSBC 26/01/2016   26/01/2016 26/01/2016 Artículos de Revista

Biblioteca FUSBC | Teléfono: (57+4) 349 88 10 Ext. 141| WhatsApp (+57) 3005338115 
E-mail: biblioteca@unisbc.edu.co | Calle 76 87-14 Robledo Palenque, Medellín, Colombia

Con tecnología Koha